| 000 | 00360 a2200133 4500 | ||
|---|---|---|---|
| 082 | _a297.422092 | ||
| 090 |
_c5195 _d5195 |
||
| 100 | _aGhazzali,Ahmad | ||
| 245 |
_aSawanih _bInspirations from the World of Pure Spirits _cAhmad Ghazzali |
||
| 260 |
_aLahore _bSuhail Academy _c1986 |
||
| 300 | _a127p | ||
| 500 | _aHard cover | ||
| 942 |
_aNBS _cBK _k297.422092 AHM |
||
| 999 |
_c347614 _d347614 |
||